| 000 | 00957nam a22002891 4500 | ||
|---|---|---|---|
| 001 | 8002 | ||
| 003 | BD-RjUL | ||
| 005 | 20211208234516.0 | ||
| 008 | 861016s1947 nyuacf b 001 0 eng | ||
| 035 | _a(BD-RjUL)8047 | ||
| 040 |
_aDLC/ICU _cICU _dDLC _dBD-RjUL _beng |
||
| 041 | _aeng | ||
| 051 |
_aQA9 _b.D2 1939 Copy 2 _cCopy 2. |
||
| 082 | 0 | 0 |
_a510.1 _bDAN 1947 |
| 100 | 1 |
_aDantzig, Tobias, _d1884-1956. _922807 |
|
| 245 | 1 | 0 |
_aNumber, the language of science : _ba critical survey written for the cultured non-mathematician / _cby Tobias Dantzig. |
| 250 | _a3d ed., rev. and augm. | ||
| 260 |
_aLondon : _bAllen & Unwin, _c1947. |
||
| 300 |
_ax, 3 l., 320 p. : _billus., pl., ports., diagrs. ; _c22 cm. |
||
| 500 | _aIncludes index. | ||
| 504 | _a"Suggestions for subsequent reading": p. 309-310. | ||
| 650 | 0 |
_aNumber concept. _922808 |
|
| 650 | 0 |
_aArithmetic _xHistory. _922809 |
|
| 942 |
_2ddc _cBK |
||
| 999 |
_c8002 _d8002 |
||